01108nam a2200277 i 4500003000900000005001700009007000300026008004100029020001800070040003000088082001900118100004700137245012200184264006500306300002600371336002700397337003300424338002800457500006700485700004400552700004000596700004100636700004100677700003700718710007500755DO-SdBNP20250613152156.0ta250613t2013 dr 000 0 spa d a9789945892703 aDO-SdBNPbspacBNPHUerda axxxxbL3182221 aLara De Medrano, Rosad1955-eautora4aut.10aSolo para parejas :bconsejos en la ruta hacia un matrimonio ideal /cRosa Lara de Medrano : prólogo, Manuel Valdez aSanto Domingo :bPromociones y publicaciones La Fé,c2013. a164 páginasc21 cm. atextobtxt2rdacontent asin mediaciónbn2rdamedia avolumenbnc2rdacarrier aIncluye datos biografícos de la autora en la contraportada. 1 aLaureiro, Sebastián eprólogo 4pr.1 aPaim Silua, Jaimilson eautor4aut.1 aRivas Hevias, Patricio eautor4aut.1 aEibenschutz, Catalina eautora4aut.1 aClaudet, Pierre T. eautor4aut. aSecretaría de Estado de Salud Pública y Asistencia Social (SESPAS)